000 00368 a2200109 4500
001 ART_51563
005 20260410161956.0
008 260409a
245 1 0 _aLos alcances del reglamento y la obligatoriedad o no de su inscripción
100 1 _aMarinelli, José Luis
773 0 _tTemas de derecho comercial
_g- Año 6, N° 11 (nov. 2020)
_wREV28151
999 _c30811
_d30811